Cinéma en images par lettres - I & J - Statistiques

Statistiques générales
  • Ce quiz a été pris 286 fois
    136 depuis la dernière actualisation
  • Le résultat moyen est 12 sur 24
Statistiques - réponses
Par images Hint Réponse % Correct
Franchise Jurassic Park
97%
Film Intouchables
96%
Personnage Joker
96%
Personnage Indiana Jones
95%
Film Les Indestructibles
93%
Personnage Rabbi Jacob
87%
Acteur Gérard Jugnot
85%
Actrice Angelina Jolie
82%
Actrice Scarlett Johansson
80%
Acteur Hugh Jackman
70%
Film Il était une fois dans l'Ouest
44%
Film Inglourious Basterds
44%
Actrice/Réalisatrice Agnès Jaoui
37%
Acteur Oscar Isaac
31%
Film In the mood for love
27%
Réalisateur Peter Jackson
27%
Format de pellicule IMAX
26%
Métier Ingénieur du son
23%
Personnage Jean Mineur
22%
Type de plan Insert
14%
Film Jason et les Argonautes
12%
Réalisateur Jean-Pierre Jeunet
10%
Film Jules et Jim
9%
Compositeur Maurice Jarre
6%
Aucun quiz correspondant
Distribution des résultats
% des personnes avec chaque résultat
Percentile par nombre de réponses
Votre historique - résultats
Vous n’avez pas pris ce quiz depuis la dernière actualisation